Návrh štruktúr neurónových sietí vhodných na detekciu ochorení z meraných signálov

Salvato in:
Dettagli Bibliografici
Autore principale: Miklovič, Martin (Autore)
Altri autori: Kajan, Slavomír (Relatore della tesi)
Natura: Manoscritto Libro
Lingua:slovacco
Pubblicazione: Bratislava : STU v Bratislave FEI, 2024
Soggetti:
Accesso online:https://opac.crzp.sk/?fn=detailBiblioFormChildQ1V6VF&sid=AA0D9432EF6DE826C2141E4F11D3&seo=CRZP-detail-kniha
Tags: Aggiungi Tag
Nessun Tag, puoi essere il primo ad aggiungerne!!

MARC

LEADER 00000ntm a22000003a 4500
001 stuzp92215
003 SK-STU
005 20250429144413.0
007 ta
008 150427s2015----xo-----f-mn---000-0-slo-d
040 |a STU  |b slo 
041 0 |a slo 
044 |a xo 
100 1 |a Miklovič, Martin  |u 031000  |4 aut  |U FEI Fakulta elektrotechniky a informatiky  |T FEI Ústav robotiky a kybernetiky  |X 98349  |U E011  |Y 356  |7 98349 
242 0 1 |a Design of Neural Network Structures Suitable for Disease Detection from Measured Signals  |y eng 
245 1 0 |a Návrh štruktúr neurónových sietí vhodných na detekciu ochorení z meraných signálov 
260 |a Bratislava :  |b STU v Bratislave FEI,  |c 2024 
300 |a 81 s., príl. 
650 4 |a Umelá inteligencia  |2 slo 
650 4 |a Neurónové siete  |2 slo 
650 4 |a Parkinsonova choroba  |2 slo 
650 4 |a Alzheimerova choroba  |2 slo 
650 4 |a Neural networks  |2 eng 
650 4 |a Parkinson's disease  |2 eng 
650 4 |a Artificial intelligence  |2 eng 
650 4 |a Alzheimer's disease  |2 eng 
700 1 |a Kajan, Slavomír  |u 031000  |k Z1  |4 ths  |U FEI Fakulta elektrotechniky a informatiky  |T FEI Ústav robotiky a kybernetiky  |X 4240  |U E011  |Y 356  |7 A000004240 
856 4 |u https://opac.crzp.sk/?fn=detailBiblioFormChildQ1V6VF&sid=AA0D9432EF6DE826C2141E4F11D3&seo=CRZP-detail-kniha